Slovenské národné povstanie 1944 súčasť európskej antifašistickej rezistencie v rokoch druhej svetovej vojny

Podrobná bibliografia
Ďalší autori: Pekník, Miroslav, 1950- (Editor)
Médium: Kniha
Jazyk:slovenčina
čeština
nemčina
poľština
PhysicalDescription:454 s. tab. 24 cm
Vydavateľské údaje: Bratislava Ústav politických vied SAV Veda 2009
ISBN:9788022410908
Vydanie:1. vyd.
Edícia:Monografie a štúdie
Predmet:

MARC

LEADER 00000nam a2200000 a 4500
001 vtls009959895
003 SK-MaSNL
005 20260425232652.0
008 251029s2009 xo l d 000 0 slo
015 |a SNBA2009/11-05687 
020 |a 9788022410908  |q (viaz.) 
035 |a 5144A6E2-0687-4D71-8ACF-57BBFF2E1E30 
035 |a urn:nbn:sk:snk-amk983 
035 |a urn:nbn:sk:snk-am00895a 
040 |a SNK  |b slo  |c SNK  |e AACR2 
041 0 |a slo  |a cze  |a ger  |a pol 
043 |a e-xo--- 
044 |a xo  |c SK 
072 7 |a 94(437)  |x Dejiny Česka a Slovenska  |2 konspekt 
080 |a 94(100)"1939/1945"  |2 2001 
080 |a 94(437.6)"1944"  |2 2001 
080 |a 355.425.4  |2 2001 
080 |a 323.25/.26:329.18  |2 2001 
080 |a 355.426(437.6)"1944"  |2 2001 
080 |a (048.8)  |2 2001 
245 0 0 |a Slovenské národné povstanie 1944  |b súčasť európskej antifašistickej rezistencie v rokoch druhej svetovej vojny  |c editor Miroslav Pekník 
250 |a 1. vyd. 
260 |a Bratislava  |b Ústav politických vied SAV  |b Veda  |c 2009 
300 |a 454 s.  |b tab.  |c 24 cm 
490 1 |a Monografie a štúdie  |v zv. 18 
500 |a Spoluvydav. Múzeum SNP v Banskej Bystrici 
504 |a Pozn. Zoz. autorov 
546 |a Čiast. text čes., nem. a poľ. 
650 0 7 |a druhá svetová vojna (1939-1945)  |2 SNKPH  |9 169657 
650 0 7 |a Slovenské národné povstanie (1944)  |2 SNKPH  |9 177948 
650 0 7 |a partizánske hnutie  |2 SNKPH  |9 28865 
650 0 7 |a protifašistický odboj  |2 SNKPH  |9 4751 
651 7 |a Slovensko  |2 SNKPH  |9 14231 
655 7 |a štúdie  |2 SNKPH  |9 57033 
655 7 |a monografie  |2 SNKPH  |9 70139 
700 1 |a Pekník, Miroslav,  |d 1950-  |4 edt  |9 89420 
830 0 |a Monografie a štúdie  |9 310155 
919 |a 978-80-224-1090-8 
968 |d 93/94 
999 |c 746113  |d 748043 
952 |a SNK  |b SNK  |y PREZ  |7 0  |p 17A0633882  |o snkSC 137534  |i snk2009/18653  |8 0  |0 0  |1 0  |4 0  |d 2009-10-14  |l 0  |r 2025-07-04 00:00:00  |w 2026-02-23 
952 |a SNK  |b SNK  |y VYP  |7 0  |p 17A0633883  |o snkSC 137534 D1  |i snk2009/18655  |8 0  |z Digitalizovaný  |0 0  |1 0  |4 0  |d 2009-10-14  |l 0  |r 2026-02-23 23:16:00  |w 2026-02-23 
952 |t snkSNP 94(437.6)  |a SNKUST  |b SNKUST  |y PREZ  |7 0  |p 17A1390616  |o snkSC 137534 D2  |i snk2019/26260  |8 0  |0 0  |1 0  |4 0  |d 2019-10-16  |l 0  |r 2025-04-30 00:00:00  |w 2026-02-23